书目信息 |
| 题名: |
考古学和科技史
|
|
| 作者: | 夏鼐 著 | |
| 分册: | ||
| 出版信息: | 北京 科学出版社 1979 |
|
| 页数: | 150页 | |
| 开本: | 26cm | |
| 丛书名: | 考古学专刊 | |
| 单 册: | ||
| 中图分类: | K85 | |
| 科图分类: | ||
| 主题词: | 文物--考古 | |
| 电子资源: | ||
| ISBN: | ||
| 000 | 00627nam2 2200241 45 | |
| 001 | 0179006993 | |
| 005 | 20060719112235.56 | |
| 010 | @dCNY2.10 | |
| 091 | @a13031.906 | |
| 100 | @a19950725d1979 emky0chiy0121 ea | |
| 101 | 0 | @achi |
| 102 | @aCN@b110000 | |
| 105 | @ay z 000yy | |
| 200 | 10 | @a考古学和科技史@Akao gu xue he ke ji shi@f夏鼐著 |
| 210 | @a北京@c科学出版社@d1979 | |
| 215 | @a150页@d26cm | |
| 225 | 2 | @a考古学专刊@v甲种第十四号 |
| 410 | 0 | @120010@a考古学专刊@v甲种第十四号 |
| 606 | 0 | @a文物@x考古 |
| 690 | @aK85 | |
| 701 | 0 | @a夏鼐@Axia nai@4著 |
| 801 | 0 | @aCN@bNLC@c20060719 |
| 905 | @f1@b14877@dK85@e1 | |
| 考古学和科技史/夏鼐著.-北京:科学出版社,1979 |
| 150页;26cm.-(考古学专刊;甲种第十四号) |
| ISBN :CNY2.10 |
| ● |
| 相关链接 |
|
|
|
|
正题名:考古学和科技史
索取号:K85/1
 
预约/预借
| 序号 | 登录号 | 条形码 | 馆藏地/架位号 | 状态 | 备注 |
| 1 | 0014877 | 001548837 | 第二样本阅览室/ [索取号:K85/1] | 在馆 | |
| 2 | 0435049 | 204350497 | 密集书库/ [索取号:K85/1] | 在馆 | |
| 3 | 0435050 | 204350503 | 密集书库/ [索取号:K85/1] | 在馆 |